| 000 | 00499nam a2200145 a 4500 | ||
|---|---|---|---|
| 001 | 2199 | ||
| 003 | CDMR | ||
| 005 | 20130116135225.0 | ||
| 008 | 130130s1985||||||||||||||||||||||||||||d | ||
| 040 |
_aCDMR _bcat _cCDMR |
||
| 111 | 2 |
_aSimposi Internacional Premsa i Educació _cBarcelona _d1985 _n2º _91634 |
|
| 245 | 1 | 3 | _aLa premsa com a suport pedagògic al curriculum escolar |
| 260 |
_aBarcelona _c1985 _bDepartament de Cultura de la Generalitat de Catalunya. Servei de Promoció de la Premsa |
||
| 942 | _cMON | ||
| 999 |
_c2199 _d2199 |
||